00386nam a2200121Ia 4500003000400000005001700004008004100021040001800062041000800080100005100088245008800139260003700227OSt20260116100045.0211028s2013 xx 000 0 und d cAIMIT LIBRARY aeng aMascarenhas, Alfred; Kairanna, Sneha.g1116004 aStudy on decrease in the customer interest towards blackberrys menswear Mangalore / aMangalorebSneha Kairanna.c2013